| 000 | 00820cab a2200289 4500 | ||
|---|---|---|---|
| 001 | WB3002-10 | ||
| 008 | 090401t1994 xxu||||| |||| 00| 0 eng d | ||
| 035 | _a(Sirsi) u47357 | ||
| 041 | _aeng | ||
| 245 | _aBR stations sell-off | ||
| 260 | _c1994 | ||
| 350 | _a0 | ||
| 490 |
_aCSW - The Property Week _v46(2) 13 January 1994, 11(1) |
||
| 520 | _aSecuritisation and bonds are being considered as vehicles for the sell-off of British Rail stations. | ||
| 650 | _aBARTER S. | ||
| 650 | _aBRITISH RAIL PROPERTY BOARD | ||
| 650 | _aBRITISH RAIL | ||
| 650 | _aPRIVATISATION | ||
| 650 | _aRAILTRACK PROPERTY | ||
| 650 | _aCBRE | ||
| 650 | _aSECURITISATION | ||
| 650 | _aSTATIONS | ||
| 690 | _aPROPERTY-COMMERCIAL PROPERTY | ||
| 690 | _aTRANSPORT AND COMMUNICATIONS | ||
| 942 | _n0 | ||
| 948 | _c04/03/1997 | ||
| 999 |
_c29868 _d29868 |
||